00426nam a2200181Ia 4500008004000000020001800040041000800058082001700066100001900083245003000102260003700132300001300169650000900182650001100191650000700202650001500209700002000224210210b2011 xxu||||| |||| 00| 0 eng d a9788131604168 aeng a361.303 PIED aPIERSON (John) aDictionary of social work aJaipurbRawat Publicationsc2011 aviii,580 awork asocial aof aDictionary aTHOMAS (Martin)